[Event "Jose de Freitas op 7th"]
[Site "Jose de Freitas"]
[Date "2024.07.14"]
[Round "5"]
[White "Lima, Lucas Araujo De Sou"]
[Black "Dos Santos, Joao Paulo Moreira"]
[Result "0-1"]
[WhiteElo "1627"]
[BlackElo "1851"]
[PlyCount "95"]
[EventDate "2024.07.13"]
[EventType "swiss"]
[EventRounds "5"]
[EventCountry "BRA"]
[SourceTitle "CB30_2024"]
[SourceDate "2024.07.24"]
[SourceVersion "1"]
[SourceVersionDate "2024.07.24"]
[SourceQuality "1"]

1. e4 c5 2. Nf3 d6 3. d4 cxd4 4. Nxd4 Nf6 5. Nc3 a6 6. Be3 e5 7. Nb3 Be6 8. f3 Be7 9. g4 Qc7 10. Qd2 Nfd7 11. Nd5 Bxd5 12. exd5 Nb6 13. 0-0-0 N8d7 14. Kb1 Nc4 15. Bxc4 Qxc4 16. Qd3 Qc7 17. Nd2 Rc8 18. c4 Nc5 19. Bxc5 Qxc5 20. Rc1 Qa5 21. Ne4 Qd8 22. Rhd1 0-0 23. c5 Qd7 24. f4 exf4 25. cxd6 Rxc1+ 26. Rxc1 Bxd6 27. Ng5 f5 28. Qh3 h6 29. Ne6 Rf6 30. gxf5 Be5 31. Qg2 Rxf5 32. Qc2 g6 33. Qc8+ Qxc8 34. Rxc8+ Kf7 35. Nd8+ Ke7 36. Nxb7 f3 37. Rc1 Bxh2 38. Na5 f2 39. Rf1 Bg1 40. Nc4 Rxd5 41. Kc2 h5 42. Nd2 Re5 43. Nf3 Re2+ 44. Kd3 Rxb2 45. Nxg1 fxg1Q 46. Rxg1 Kf6 47. a4 Ra2 48. Rf1+ 0-1

[Event "Jose de Freitas op 7th"]
[Site "Jose de Freitas"]
[Date "2024.07.14"]
[Round "4"]
[White "Lima, Lucas Araujo De Sou"]
[Black "E Silva, Bernardo Caio C"]
[Result "1-0"]
[WhiteElo "1627"]
[BlackElo "1474"]
[PlyCount "73"]
[EventDate "2024.07.13"]
[EventType "swiss"]
[EventRounds "5"]
[EventCountry "BRA"]
[SourceTitle "CB30_2024"]
[SourceDate "2024.07.24"]
[SourceVersion "1"]
[SourceVersionDate "2024.07.24"]
[SourceQuality "1"]

1. e4 e5 2. Nf3 Nc6 3. d4 f6 4. Bc4 d6 5. 0-0 Bg4 6. c3 Bxf3 7. Qxf3 exd4 8. cxd4 Nxd4 9. Qh5+ g6 10. Qd5 Nf3+ 11. gxf3 Qd7 12. Qxb7 Qc8 13. Qxc8+ Rxc8 14. Nc3 Ne7 15. Nd5 f5 16. Nxe7 Bxe7 17. Bd2 Rb8 18. Bc3 Rf8 19. Bg7 Bf6 20. Bxf8 Kxf8 21. Rab1 Rb6 22. Rfc1 Bxb2 23. Rc2 Bd4 24. Rxb6 axb6 25. exf5 gxf5 26. Be6 f4 27. Rxc7 h6 28. Rf7+ Ke8 29. Rxf4 Ke7 30. Re4 Be5 31. a4 Kxe6 32. f4 Kf5 33. fxe5 dxe5 34. Rb4 Ke6 35. Rxb6+ Kd5 36. a5 Kc5 37. Rb1 1-0

[Event "Teresina-ch sf 2a"]
[Site "Teresina"]
[Date "2024.05.26"]
[Round "5"]
[White "Lima, Lucas Araujo De Sou"]
[Black "Mangueira, Ricardo Cronemberge"]
[Result "1-0"]
[WhiteElo "1638"]
[BlackElo "1628"]
[PlyCount "97"]
[EventDate "2024.05.24"]
[EventType "swiss"]
[EventRounds "5"]
[EventCountry "BRA"]
[SourceTitle "CB22_2024"]
[SourceDate "2024.05.29"]
[SourceVersion "1"]
[SourceVersionDate "2024.05.29"]
[SourceQuality "1"]

1. e4 c6 2. d4 d5 3. e5 Bf5 4. Bd3 Bg6 5. Bxg6 hxg6 6. e6 f6 7. Qg4 g5 8. Qf5 Qd6 9. Qg6+ Kd8 10. Nf3 Qxe6+ 11. Be3 Rh6 12. Qd3 Na6 13. 0-0 Qd6 14. a3 e6 15. h3 Ne7 16. Nc3 Nf5 17. Nxg5 fxg5 18. Bxg5+ Be7 19. Bxh6 gxh6 20. Ne2 Kd7 21. Ng3 Nxg3 22. Qxg3 Rf8 23. Qb3 Qc7 24. Rae1 Bf6 25. Qe3 Re8 26. c3 Bg7 27. f4 Qd6 28. f5 e5 29. f6 Bxf6 30. Qxh6 Re6 31. Qh7+ Re7 32. Qf5+ Re6 33. dxe5 Bxe5 34. Rf3 Nc5 35. Qh7+ Re7 36. Rf7 Qe6 37. Rxe7+ Qxe7 38. Qxe7+ Kxe7 39. Rxe5+ Kd6 40. Re3 Ne6 41. Rxe6+ Kxe6 42. g4 Kf6 43. Kf2 Kg5 44. Kg3 b6 45. h4+ Kh6 46. Kf4 c5 47. Ke5 d4 48. cxd4 cxd4 49. Kxd4 1-0